Normal view
MARC view
Entry Nombre personal
001 - NÚMERO DE CONTROL
- campo de control: 189928
003 - IDENTIFICADOR DEL NÚMERO DE CONTROL
- campo de control: CHAP
005 - FECHA Y HORA DE LA ÚLTIMA TRANSACCIÓN
- campo de control: 20250127090651.0
008 - DATOS DE LONGITUD FIJA
- campo de control de longitud fija: 250127|| acz||abbn | a|a d
040 ## - FUENTE DE LA CATALOGACIÓN
- Centro catalogador/agencia de origen: Z
- Centro/agencia transcriptor: CHAP
100 1# - ENCABEZAMIENTO-NOMBRE DE PERSONA
- Nombre de persona: Black, Charles A.
670 ## - FUENTE DE DATOS ENCONTRADOS
- Cita de la fuente: Black, Charles A. Soil fertility evaluation and control. 1993
- Información encontrada: Hoja legal y portada
